<?xml version="1.0" encoding="UTF-8"?><?xml-stylesheet type="text/xsl" href="static/style.xsl"?><OAI-PMH xmlns="http://www.openarchives.org/OAI/2.0/" xmlns:xsi="http://www.w3.org/2001/XMLSchema-instance" xsi:schemaLocation="http://www.openarchives.org/OAI/2.0/ http://www.openarchives.org/OAI/2.0/OAI-PMH.xsd"><responseDate>2026-04-17T17:31:59Z</responseDate><request verb="GetRecord" identifier="oai:www.recercat.cat:2072/274969" metadataPrefix="marc">https://recercat.cat/oai/request</request><GetRecord><record><header><identifier>oai:recercat.cat:2072/274969</identifier><datestamp>2026-01-21T14:45:04Z</datestamp><setSpec>com_2072_2016</setSpec><setSpec>com_2072_2015</setSpec><setSpec>col_2072_2017</setSpec></header><metadata><record xmlns="http://www.loc.gov/MARC21/slim" xmlns:dcterms="http://purl.org/dc/terms/" xmlns:xsi="http://www.w3.org/2001/XMLSchema-instance" xmlns:doc="http://www.lyncode.com/xoai" xsi:schemaLocation="http://www.loc.gov/MARC21/slim http://www.loc.gov/standards/marcxml/schema/MARC21slim.xsd">
   <leader>00925njm 22002777a 4500</leader>
   <datafield ind2=" " ind1=" " tag="042">
      <subfield code="a">dc</subfield>
   </datafield>
   <datafield ind2=" " ind1=" " tag="720">
      <subfield code="a">Ballarín Espuña, Montserrat</subfield>
      <subfield code="e">author</subfield>
   </datafield>
   <datafield ind2=" " ind1=" " tag="720">
      <subfield code="a">Macho Pérez, Ana Belén</subfield>
      <subfield code="e">author</subfield>
   </datafield>
   <datafield ind2=" " ind1=" " tag="520">
      <subfield code="a">Comunicación presentada a la VII Jornada Oficina del Defensor del Contribuyente del Ayuntamiento de Madrid, "Problemática de los procedimientos tributarios en las Haciendas Locales", celebrada en Madrid el 14 de noviembre de 2011.</subfield>
   </datafield>
   <datafield ind2=" " ind1=" " tag="520">
      <subfield code="a">Análisis y propuesta de solución contra la “deslocalización” masiva en algunos municipios de vehículos de sociedades para ahorrar en el Impuesto sobre Vehículos de Tracción Mecánica.</subfield>
   </datafield>
   <datafield ind1="8" ind2=" " tag="024">
      <subfield code="a">Ballarín M, Macho A B. La ‘deslocalización’ masiva de vehículos: límites a la elección y al cambio de domicilio en la gestión del impuesto sobre vehículos de tracción mecánica.  En: VII Jornada de la Oficina del Defensor del Contribuyente: Problemática de los Procedimientos Tributarios en las Haciendas Locales. Madrid: Ayuntamiento de Madrid; 2011.</subfield>
   </datafield>
   <datafield ind1="8" ind2=" " tag="024">
      <subfield code="a">http://hdl.handle.net/10230/13086</subfield>
   </datafield>
   <datafield tag="653" ind2=" " ind1=" ">
      <subfield code="a">Vehicles de motor -- Impostos -- Dret -- Espanya</subfield>
   </datafield>
   <datafield tag="653" ind2=" " ind1=" ">
      <subfield code="a">Organismes de l'administració pública -- Reglaments i procediment</subfield>
   </datafield>
   <datafield tag="653" ind2=" " ind1=" ">
      <subfield code="a">Deslocalización</subfield>
   </datafield>
   <datafield tag="653" ind2=" " ind1=" ">
      <subfield code="a">Vehículos de tracción mecánica</subfield>
   </datafield>
   <datafield tag="653" ind2=" " ind1=" ">
      <subfield code="a">IVTM</subfield>
   </datafield>
   <datafield ind2="0" ind1="0" tag="245">
      <subfield code="a">La ‘deslocalización’ masiva de vehículos: límites a la elección y al cambio de domicilio en la gestión del impuesto sobre vehículos de tracción mecánica</subfield>
   </datafield>
</record></metadata></record></GetRecord></OAI-PMH>